The Caliphate (Record no. 19726)

MARC details
000 -LEADER
fixed length control field 00313nam a22001337a 4500
020 ## - INTERNATIONAL STANDARD BOOK NUMBER
ISBN 8174350330
082 ## - DEWEY DECIMAL CLASSIFICATION NUMBER
Classification number 297.24 ARN
100 ## - MAIN ENTRY--AUTHOR NAME
Author name Arnold, Sir Thomas W.
245 ## - TITLE STATEMENT
Title The Caliphate
260 ## - PUBLICATION, DISTRIBUTION, ETC. (IMPRINT)
Place of publication New Delhi, India
Name of publisher Adam Publishers & Distributors
Year of publication 2010
300 ## - PHYSICAL DESCRIPTION
Number of Pages 223
650 ## - SUBJECT ADDED ENTRY--TOPICAL TERM
Topical Term Caliphate
942 ## - ADDED ENTRY ELEMENTS (KOHA)
Koha item type Books
Holdings
Home library Current library Shelving location Date acquired Cost, normal purchase price Full call number Accession Number Koha item type
Henry Martyn Institute Library Henry Martyn Institute Library General stacks 09/14/2015 225.00 297.24 ARN 11003324 Books
                   Copyright © 2026 | Henry Martyn Institute | Hyderabad | TS-500052 | INDIA | Implemented by hmi.edu.in
Hit-Count:

Powered by Koha